header

Egypt (Record no. 61189)

MARC details
000 -LEADER
fixed length control field 01536nam a2200361Ia 4500
100 1# - MAIN ENTRY--AUTHOR NAME
Personal name Arslan, Ismail.
245 10 - TITLE STATEMENT
Title Egypt
260 ## - PUBLICATION, DISTRIBUTION, ETC. (IMPRINT)
Place of publication Washington, D.C. :
Name of publisher World Bank,
Year of publication 2009.
300 ## - PHYSICAL DESCRIPTION
Number of Pages xxvi, 127 p. :
Other physical details ill. (some col.)
500 ## - GENERAL NOTE
General note At head of title: IEG World Bank, IFC, MIGA.
General note "Written by Ismail Arslan, with contributions by consultants Ataman Aksoy ... [et al.]"--P. vii.
650 #0 - SUBJECT ADDED ENTRY--TOPICAL TERM
Topical Term Economic assistance
Topical Term Economic development
856 40 - ELECTRONIC LOCATION AND ACCESS
Uniform Resource Identifier http://site.ebrary.com/lib/rucke/Doc?id=10309175

No items available.

© 2026 Rongo University
Contact us: librarian | system librarian | Rongo university